000 01067nam a2200265Ia 4500
003 OSt
005 20221005110500.0
006 a|||||r|||| 00| 0
007 ta
008 221004b |||||||| |||| 00| 0 hin d
020 _a9788121406501 (hbk)
_cINR 575.00
024 _a42114
037 _b304, 25/02/2019, Eastern Book Linkers
_cTextual
040 _aCRL
_cCRL
_bhin
041 _2hin
_ahin
082 _aO152:g, Q7
100 _aधर्मेन्द्र प्रसाद, संपा.
245 0 _aप्रहलाद रामशरण
_b केन्द्र और विस्तार
246 _aPrahalād rāmasharaṇa: kendra aur vistāra
260 _aनई दिल्ली
_bनेशनल पब्लिशिंग हाउस भारत
_c2017
300 _a195पृ0
_ccm.
650 _aहिन्दी आलोचना
942 _hO152:g, Q7
_cTEXL
_2cc
999 _c1018967
_d1018967